00413nam a2200157Ia 45000010006000000050017000060080041000230410008000640820020000721000038000922450071001302600009002013000029002106500008002396540008002471277620260306163006.0260306t2001||||xx |||||||||||||| ||spa|| aESP aRD 272.703bD73 aFitzgerald , Allan D. (Dir.)eAUT 0aDiccionario de San Agustín:bSan Agustín a través del tiempo c2001 a1352 páginas :c25 cm. aGEN aCHU